[Event "GCT Cote d Ivoire Blitz 2019"]
[Site "Abidjan"]
[Date "2019.05.12"]
[Round "17"]
[White "Carlsen, Magnus"]
[Black "Wei, Yi"]
[Result "1-0"]
[WhiteElo "2867"]
[BlackElo "2737"]
[Annotator "TA"]
[PlyCount "81"]
[EventDate "2019.05.05"]
[EventType "tourn"]
[EventCountry "IVO"]
[SourceTitle "playchess.com"]
[Source "ChessBase"]
[SourceQuality "1"]

{[%evp 9,81,-5,-4,-3,-7,0,-3,-10,0,-12,0,0,0,0,8,0,0,10,2,-15,0,-4,0,-4,10,3,9,0,31,31,31,29,29,29,31,4,36,34,36,20,18,10,125,128,124,133,127,111,131,122,124,117,120,115,131,124,146,143,110,106,132,132,139,139,139,139,139,136,133,125,139,129,356,339]} 1. d4 Nf6 2. Bg5 d5 3. e3 c5 4. Nd2 cxd4 (4... Nc6 5. Ngf3 cxd4 6. exd4 Bg4 7. c3 e6 8. Qb3 Qb6 9. Bf4 Nd7 10. Bd3 Be7 11. O-O Bh5 {0-1 (52) Artemiev,V (2709)-Giri,A (2783) St Petersburg 2018}) 5. exd4 Qb6 6. Ngf3 {D00: 1 d4 d5: Unusual lines} Nc6 7. Nb3 Ne4 8. Bf4 {The position is equal.} Bg4 9. Be2 e6 10. O-O Be7 11. c3 O-O 12. a4 $146 {[%cal Ba2a4,Ba4a5][%mdl 32]} ({Predecessor:} 12. Nfd2 Bxe2 13. Qxe2 Nxd2 14. Bxd2 {0-1 (26) Spielberger,J-Spiegel,W (2160) Austria 1999}) 12... a6 13. a5 Qd8 14. Nfd2 Bxe2 15. Qxe2 Nxd2 16. Qxd2 Rc8 17. Rfe1 Re8 18. Re3 Bd6 19. Bxd6 Qxd6 20. Nc5 Rc7 21. b4 Ne7 22. Rae1 Nf5 23. Re5 $36 {[%mdl 2048] White is more active.} Qd8 24. Qf4 {Black must now prevent Qxf5!} Rce7 25. R1e2 Kh8 {[#]} (25... b6 $11 {keeps the balance.} 26. axb6 (26. Nxa6 f6 $17) 26... Qxb6) 26. Nxb7 $1 $16 Rxb7 {[#]} 27. Qxf5 $1 {[%mdl 576] Pin} Rc7 (27... exf5 28. Rxe8+) 28. Qd3 Qc8 29. R5e3 Rc6 30. Rh3 {[%csl Gh3][%cal Rd3h7]} h6 31. Qd2 Kh7 32. Re5 Re7 33. Reh5 {[%cal Rh5h6] White threatens Rxh6+! and mate.} Qf8 34. f4 ({Of course not} 34. b5 axb5 35. Qd3+ Kg8 $15) 34... f5 35. Re3 Qf7 36. Rhh3 Rec7 37. Re5 Qf8 38. Rd3 Qc8 {[%cal Rc6c3]} 39. Ree3 Rc4 40. h3 Qf8 $2 (40... R4c6 $16 41. Qc1 Kh8) 41. Rxe6 {Accuracy: White = 66%, Black = 40%.} 1-0

[Event "GCT Cote d Ivoire Blitz 2019"]
[Site "Abidjan"]
[Date "2019.05.12"]
[Round "17"]
[White "Nepomniachtchi, Ian"]
[Black "Amin, Bassem"]
[Result "1-0"]
[WhiteElo "2776"]
[BlackElo "2683"]
[Annotator "TA"]
[PlyCount "89"]
[EventDate "2019.05.05"]
[EventType "tourn"]
[EventCountry "IVO"]
[SourceTitle "playchess.com"]
[Source "ChessBase"]
[SourceQuality "1"]

{[%evp 15,91,21,40,22,27,27,39,34,38,18,35,16,33,11,21,13,14,0,53,48,66,20,32,0,0,0,39,0,-14,-33,-8,0,-56,-35,50,-133,126,124,126,122,130,130,125,125,124,118,124,116,104,120,93,55,51,33,44,33,31,33,148,145,191,183,237,233,371,241,371,371,357,357,1852,5522,29970,29971,29936,29946,29990,29987]} 1. e4 e5 2. Nf3 Nc6 3. Bb5 a6 4. Ba4 Nf6 5. O-O Be7 6. d3 d6 7. c3 O-O 8. Re1 Re8 9. h3 {C84: Closed Ruy Lopez: Unusual White 6th moves} b5 (9... Bf8 10. c4 Bd7 11. Be3 Nb8 12. Nc3 Bxa4 13. Qxa4 Nbd7 14. a3 Nc5 15. Qc2 c6 16. Rad1 Qc7 {1-0 (45) Grandelius,N (2694)-Naiditsch,A (2710) Astana 2019}) 10. Bc2 Bb7 11. Nbd2 {White is slightly better.} Bf8 12. a4 Nb8 13. b4 Nbd7 $146 ({Predecessor:} 13... d5 14. Bb3 Nbd7 15. exd5 Bxd5 16. Ne4 Bxb3 17. Qxb3 Nxe4 18. Rxe4 {1-0 (39) Pichot,A (2543)-Bitelmajer,M (2346) Villa Martelli 2016}) 14. Nb3 Rb8 15. axb5 axb5 16. Ra7 Nb6 (16... c5 $11) 17. Na5 Ba8 18. Be3 d5 {[%cal Rd5e4]} 19. exd5 Nfxd5 20. Bd2 Qd6 21. Nb3 ({White should try} 21. Ng5 $14) 21... Na4 $11 22. Qa1 Ndxc3 23. Bxc3 Bxf3 $1 24. gxf3 {[%cal Rc3e5]} Qc6 (24... Qg6+ $1 $15 25. Kf1 Qc6) 25. Nc5 $2 (25. Rxa4 $1 $14 bxa4 26. Nc5) 25... Bxc5 $4 {[%mdl 8192]} (25... Nxc5 $17 {stays on course.} 26. Bxe5 Ne6) 26. bxc5 $16 Qxc5 27. Rxa4 $1 bxa4 28. Bxa4 Re6 29. Re4 ({But not} 29. Bxe5 $6 Ra8 $11) ({Weaker is} 29. Rxe5 Rxe5 30. Bxe5 Ra8 $19) 29... Reb6 30. Bc2 Rg6+ 31. Kf1 Rc6 32. Rc4 Qd5 33. Rxc6 (33. Qa7 {looks sharper.} Rd8 34. Qb7 Rxc4 35. Qxd5 Rxd5 36. dxc4 Rc5 37. Bd3) 33... Qxc6 34. Bd1 $40 {[%mdl 128] White attacks.} Qd7 35. Kg2 Qxd3 {White must now prevent ...h6.} 36. Bxe5 {[%mdl 64] [#] Double Attack} Qg6+ (36... Rd8 $1 $14 37. Ba4 Qa6) 37. Bg3 h5 {aiming for ...h4.} 38. h4 Rb1 (38... Qd3 $142) 39. Qd4 c5 (39... Rb8 {is a better defense.} 40. Qc3 Qe6 41. Qxc7 Rc8) 40. Qd8+ $18 Kh7 41. Qd2 {And now Bc2 would win.} f5 {intending ...Rxd1.} 42. Bc2 Rb4 $2 (42... Rb6 43. Qd5 Rf6) 43. Qd5 {[%mdl 64] [#] Double Attack} Qf6 44. Bxf5+ {White mates.} g6 45. Bc2 {Played: Bf5-e4} 1-0

[Event "GCT Cote d Ivoire Blitz 2019"]
[Site "Abidjan"]
[Date "2019.05.12"]
[Round "17"]
[White "Karjakin, Sergey"]
[Black "Vachier-Lagrave, Maxime"]
[Result "1-0"]
[WhiteElo "2773"]
[BlackElo "2792"]
[Annotator "TA"]
[PlyCount "117"]
[EventDate "2019.05.05"]
[EventType "tourn"]
[EventCountry "IVO"]
[SourceTitle "playchess.com"]
[Source "ChessBase"]
[SourceQuality "1"]

{[%evp 17,117,11,22,1,13,2,8,12,4,0,0,-13,27,-37,26,20,35,31,27,23,29,32,44,37,49,45,69,7,31,18,18,7,118,83,98,91,93,82,157,35,129,123,108,120,158,152,158,137,193,201,204,203,230,176,375,352,450,451,489,489,493,489,511,521,600,515,514,499,537,480,604,604,586,602,592,588,712,710,692,690,775,748,881,924,901,900,1007,1004,1105,1094,1136,1068,1365,1313,1961,1889,1983,1903,5817,5597,4186,3176]} 1. e4 c5 2. Nf3 d6 3. d4 cxd4 4. Nxd4 Nf6 5. Nc3 a6 6. Be3 e5 7. Nf3 Be7 8. Bc4 O-O 9. O-O Nc6 10. Re1 {B90: Sicilian Najdorf: Unusual White 6th moves, 6 Be3 Ng4 and 6 Be3 e5} b5 (10... Be6 11. Nd5 Bxd5 12. exd5 b5 13. Bf1 Nb4 14. c4 bxc4 15. Bxc4 Qa5 16. Bd2 Qb6 17. Nh4 g6 {1-0 (60) Karjakin,S (2753)-Yilmaz,M (2636) St Petersburg 2018}) 11. Bf1 Rb8 12. Bg5 {The position is equal.} Ng4 13. Bxe7 (13. Bd2 {seems wilder.} Be6 14. h3 Nf6 15. Bg5 h6 16. Bh4) 13... Nxe7 14. Qd2 b4 {[#]} 15. Ne2 $146 (15. Na4 $11) ({Predecessor:} 15. Nd1 Nf6 16. a3 a5 17. axb4 Rxb4 {½-½ (26) Hracek,Z (2598)-Vachier Lagrave,M (2634) Heraklio 2007}) 15... Qb6 (15... f5 $15 16. Ng3 fxe4 17. Rxe4 Qb6) 16. Ng3 $36 {[%mdl 2048] White has the initiative.} Be6 17. h3 Nf6 18. a3 b3 19. c3 h6 20. Rad1 Rfd8 21. Qe3 Qc6 22. Rd2 (22. Qa7 $14) 22... Rd7 23. Red1 Ng6 24. Ne1 d5 (24... a5 $11) 25. exd5 (25. Nd3 {is more complex.} d4 26. cxd4 exd4 27. Qe1 Qb6 28. Rc1) 25... Rxd5 26. Rxd5 Nxd5 {[#]} 27. Qe4 $1 a5 (27... Rb6 $142) 28. Nf3 (28. Bc4 $16 {[%cal Rc4d5]} Rd8 29. Bxb3) 28... Nde7 (28... Qc5 $1 $14) 29. Qxc6 $16 Nxc6 30. Rd6 Nge7 31. a4 Bd5 32. Bb5 Rd8 (32... Bxf3 $16 33. gxf3 Rd8) 33. Rxd8+ $18 Nxd8 34. Nxe5 Ne6 35. Ne2 f6 $2 {[#]} (35... Nc5 36. Nf4 Kf8 37. Nxd5 Nxd5) 36. Nc4 Nc7 37. Nxa5 {White is clearly winning.} Kf8 38. Nd4 Nc8 39. Naxb3 Nb6 40. Nc5 Ke7 41. b4 Nxb5 42. Nxb5 {[%mdl 4096] Endgame KBN-KNN} Bc6 43. f3 Nd5 44. Nd4 Ba8 45. Ne4 g6 46. g4 h5 47. gxh5 gxh5 48. h4 Nf4 49. Kf2 Ng6 50. Kg3 Ne5 51. a5 {[%cal Ba4a5,Ba5a6][%mdl 32]} Nc4 52. Kf4 Kf7 53. Nf5 Ne5 54. a6 Ke6 55. Ng7+ Kf7 56. Nxh5 Ng6+ 57. Kg3 f5 58. Ng5+ Ke7 59. Nf4 {Accuracy: White = 59%, Black = 22%.} 1-0

[Event "GCT Cote d Ivoire Blitz 2019"]
[Site "Abidjan"]
[Date "2019.05.12"]
[Round "17"]
[White "So, Wesley"]
[Black "Nakamura, Hikaru"]
[Result "0-1"]
[WhiteElo "2772"]
[BlackElo "2805"]
[Annotator "TA"]
[PlyCount "76"]
[EventDate "2019.05.05"]
[EventType "tourn"]
[EventCountry "IVO"]
[SourceTitle "playchess.com"]
[Source "ChessBase"]
[SourceQuality "1"]

{[%evp 11,108,45,46,43,47,39,44,31,49,37,56,25,33,0,16,0,46,52,58,43,52,53,62,61,70,68,139,121,152,152,152,141,155,153,115,28,52,18,50,40,40,14,31,38,87,0,11,8,7,-76,-80,-89,-80,-108,-104,-105,-118,-141,-152,-169,-117,-206,-200,-236,-240,-543,-461,-1431,-1411,-1359,-1345,-1147,-781,-751,-627,-627,-612,-585,-500,-701,-500,-500,-486,-486,-433,-407,-400,-400,-400,-473,-355,-457,-377,-645,-622,-665,-658,-628,-610]} 1. c4 Nf6 2. Nc3 e5 3. Nf3 Nc6 4. e3 d6 5. d4 Bg4 6. Be2 Be7 7. h3 {A28: English Opening: Four Knights Variation} Bh5 8. O-O (8. d5 Nb8 9. e4 O-O 10. Be3 Bxf3 11. Bxf3 Nfd7 12. Qd2 h6 13. O-O Bg5 14. b4 b6 {½-½ (33) Banikas,H (2572)-Socko,B (2631) Beijing 2008}) 8... O-O 9. b3 {White is slightly better.} Re8 10. Bb2 Bf8 11. dxe5 $146 ({Predecessor:} 11. Nd5 Bxf3 12. Nxf6+ Qxf6 13. Bxf3 e4 14. Be2 Qg5 15. g3 Ne7 {1-0 (88) Meinzer,D-Duncker,J (2230) Germany 2001}) 11... dxe5 12. Nd5 Bg6 (12... a5 {is interesting.} 13. a3 Bg6 14. Qd2 Ne4 15. Qd1 Nf6) 13. a3 Bd6 14. Nxf6+ Qxf6 15. b4 a6 16. Qb3 Qe6 17. Qc3 h6 18. Rad1 Kh8 (18... Be4 $14) 19. c5 $16 {Hoping for Bc4.} Bf8 20. Bc4 Qe7 21. Bd5 f6 22. Qc4 $1 Bh7 23. e4 (23. Bf7 $16) 23... Nd8 $11 {With the idea ...c6.} 24. Qe2 c6 25. Bc4 Ne6 26. Qe3 Rad8 27. Nh4 Nd4 28. Nf3 (28. f4 $16) 28... Nxf3+ 29. Qxf3 a5 30. h4 (30. Bc3 $11 {remains equal.}) 30... axb4 $17 31. axb4 b6 $1 32. Rc1 bxc5 33. bxc5 Qa7 34. Ba3 Rd4 (34... Bxc5 35. Bxc5 Qxc5 36. Bf7 $16) 35. Rfe1 Rb8 (35... Bxc5 36. Bxc5 Qxc5 37. Bf7 $16) (35... Qa4 $19 36. Bf7 Rb8) 36. h5 {[#]} (36. Rc3 $17 {was necessary.}) 36... Qa4 $1 $19 ({Less strong is} 36... Bxc5 37. Bxc5 Qxc5 38. Bd5 $15) 37. Bf7 Bxe4 38. Qg3 $2 {[#]} (38. Qc3) 38... Rd3 {Played: Be4xg2} 0-1

[Event "GCT Cote d Ivoire Blitz 2019"]
[Site "Abidjan"]
[Date "2019.05.12"]
[Round "17"]
[White "Topalov, Veselin"]
[Black "Ding, Liren"]
[Result "1/2-1/2"]
[WhiteElo "2736"]
[BlackElo "2786"]
[Annotator "TA"]
[PlyCount "57"]
[EventDate "2019.05.05"]
[EventType "tourn"]
[EventCountry "IVO"]
[SourceTitle "playchess.com"]
[Source "ChessBase"]
[SourceQuality "1"]

{[%evp 10,57,0,-13,0,0,0,-8,0,-18,-14,-12,-5,0,-12,-8,-5,-16,-8,-6,-8,-10,-9,-9,-5,-5,-9,-11,0,0,0,0,0,0,0,0,0,0,0,0,0,0,0,0,0,0,0,0,0,0]} 1. d4 Nf6 2. c4 e6 3. Nf3 d5 4. Bg5 dxc4 5. Nc3 a6 6. a4 {The position is equal.} Nc6 {D24: Queen's Gambit Accepted: 3 Nf3 Nf6 4 Nc3} (6... c6 7. e3 b5 8. axb5 cxb5 9. Bxf6 gxf6 10. Nxb5 axb5 11. Rxa8 Bb7 12. Ra1 Bb4+ 13. Ke2 O-O 14. Qc2 {0-1 (26) Mamedyarov,S (2817)-Nakamura,H (2746) Kolkata 2018}) 7. e3 Na5 8. Ne5 (8. Be2 {keeps more tension.} c5 9. dxc5 Qxd1+ 10. Rxd1 Bxc5 11. O-O) 8... c5 9. Nxc4 cxd4 10. Qxd4 $146 ({Predecessor:} 10. exd4 Be7 11. Ne5 h6 12. Be3 Nd5 13. Bd3 Nc6 14. Nxc6 bxc6 {1-0 (26) Li,D (2485)-Dai,C (2437) Shenzhen 2017}) 10... Qxd4 11. exd4 Nxc4 12. Bxc4 Be7 13. Bf4 Bd7 14. d5 Rc8 15. dxe6 Rxc4 16. exd7+ Kxd7 17. O-O-O+ Kc6 18. Be5 Rd8 19. Rxd8 Bxd8 20. b3 Rc5 21. Bd4 Rf5 22. f3 Bb6 23. Bxb6 Kxb6 $11 {[%mdl 4096] Endgame KRN-KRN} 24. Re1 Rc5 25. Kd2 Nd5 26. Nxd5+ Rxd5+ 27. Kc3 Rc5+ 28. Kd2 Rd5+ 29. Kc3 {Accuracy: White = 78%, Black = 82%.} 1/2-1/2

[Event "GCT Cote d Ivoire Blitz 2019"]
[Site "Abidjan"]
[Date "2019.05.12"]
[Round "18"]
[White "Nakamura, Hikaru"]
[Black "Carlsen, Magnus"]
[Result "0-1"]
[WhiteElo "2805"]
[BlackElo "2867"]
[Annotator "TA"]
[PlyCount "90"]
[EventDate "2019.05.05"]
[EventType "tourn"]
[EventCountry "IVO"]
[SourceTitle "playchess.com"]
[Source "ChessBase"]
[SourceQuality "1"]

{[%evp 9,90,23,25,22,30,4,18,0,38,0,0,0,9,3,10,0,5,6,18,11,7,-9,-2,0,25,0,0,0,0,0,0,0,0,0,0,0,0,0,0,0,0,0,0,0,0,-107,0,-81,-9,-77,0,0,0,0,0,-42,-42,-42,-37,-35,-34,-177,-8,-15,-77,-257,-260,-389,-389,-389,-389,-389,-389,-381,-374,-840,-781,-662,-654,-29952,-29955,-29967,-29963]} 1. d4 d5 2. c4 e6 3. Nf3 a6 4. Bg5 (4. e3 Nf6 5. Nc3 dxc4 6. Bxc4 b5 7. Be2 Bb7 8. O-O Nbd7 9. b3 c5 10. Bb2 Be7 11. Rc1 O-O 12. Qc2 Rc8 13. Qb1 Qb6 14. Rfd1 Rfd8 15. h3 h6 16. dxc5 Nxc5 17. Rxd8+ Rxd8 {0-1 (59) Mamedyarov,S (2817)-Carlsen,M (2835) St Petersburg 2018}) 4... Be7 5. Bxe7 Qxe7 (5... Nxe7 6. e3 O-O 7. Nc3 Nd7 8. Rc1 dxc4 9. Bxc4 c5 10. dxc5 Nxc5 11. b4 Qxd1+ 12. Rxd1 {½-½ (58) Nakamura,H (2746)-Carlsen,M (2835) St Petersburg 2018}) 6. e3 {D30: Queen's Gambit Declined: Systems without Nc3} Nf6 7. Nc3 O-O 8. Rc1 {The position is equal.} Rd8 9. Qc2 dxc4 $146 ({Predecessor:} 9... Nbd7 10. cxd5 exd5 11. Bd3 Nf8 {½-½ (37) Saric,A (2497)-Predojevic,B (2642) Rijeka 2011}) 10. Bxc4 c5 11. dxc5 Qxc5 12. Bd3 Nc6 13. a3 Ne5 14. Nxe5 Qxe5 15. Ne4 Bd7 {White must now prevent ...Nxe4.} 16. Nxf6+ Qxf6 17. O-O Rac8 18. Qb1 ({Avoid the trap} 18. Bxh7+ $2 Kh8 $17) 18... Rxc1 19. Rxc1 ({Wrong is} 19. Bxh7+ $2 Kf8 $17) 19... g6 20. Be4 Bb5 21. Qc2 b6 22. g3 Qe5 23. Bf3 a5 24. h4 h6 (24... h5 {seems wilder.} 25. Kg2 Kg7 26. a4 Bd7 27. Qb3 b5) 25. Qc7 Qxc7 26. Rxc7 $11 {[%mdl 4096] Endgame KRB-KRB} Rd6 27. Rb7 (27. g4 $11 {remains equal.}) 27... Kg7 (27... a4 $1 $17 28. Kg2 Bc4) 28. Kg2 (28. b3 $11 {keeps the balance.}) 28... Kf6 ({Better is} 28... a4 $1 $17) 29. g4 (29. b3 $11) 29... g5 (29... a4 $1 $17) 30. hxg5+ hxg5 31. Kg3 a4 32. Bg2 Bc4 33. Be4 b5 {And now ...Rd2 would win.} 34. f4 e5 {...exf4+ is the strong threat.} 35. Rc7 (35. f5 $15) 35... exf4+ $2 (35... Rd2 $1 $19 36. fxg5+ Kxg5) 36. exf4 Rd2 37. Rc6+ $2 {[#]} (37. fxg5+ $17 Ke5 38. Bh7) 37... Kg7 $1 $19 38. fxg5 (38. Rc5 {was necessary.} gxf4+ 39. Kxf4) 38... Rxb2 39. g6 Rb3+ 40. Kf4 Rxa3 41. gxf7 {[#]} Ra1 $1 42. Rc8 $2 (42. Ke5 Re1 43. Rf6 Bxf7 44. Ra6) 42... Bxf7 43. Rc7 a3 44. Kg5 {If only White now had time for Bd5....} Rd1 45. Bc2 Rc1 {Accuracy: White = 26%, Black = 67%.} 0-1

[Event "GCT Cote d Ivoire Blitz 2019"]
[Site "Abidjan"]
[Date "2019.05.12"]
[Round "18"]
[White "Vachier-Lagrave, Maxime"]
[Black "Nepomniachtchi, Ian"]
[Result "1-0"]
[WhiteElo "2792"]
[BlackElo "2776"]
[Annotator "RC"]
[PlyCount "127"]
[EventDate "2019.05.05"]
[EventType "tourn"]
[EventCountry "IVO"]
[SourceTitle "playchess.com"]
[Source "ChessBase"]
[SourceQuality "1"]
[TimeMode "Bronstein"]
[TimeControl "300+3"]

1. e4 {[%emt 0:00:00]} e5 {[%emt 0:00:00]} 2. Nf3 {[%emt 0:00:00]} Nc6 {[%emt 0:00:00]} 3. Bc4 {[%emt 0:00:00]} Nf6 {[%emt 0:00:00]} 4. d3 {[%emt 0:00:00]} Be7 {[%emt 0:00:00]} 5. O-O {[%emt 0:00:00]} O-O {[%emt 0:00:00]} 6. Re1 {[%emt 0:00:00]} d6 {[%emt 0:00:00]} 7. a4 {[%emt 0:00:00]} a5 {[%emt 0:00:00]} 8. Nbd2 {[%emt 0:00:00]} Kh8 {[%emt 0:00:00]} 9. Nf1 {[%emt 0:00:00]} Be6 {[%emt 0:00:00]} 10. Ng3 {[%emt 0:00:04]} Nd7 {[%emt 0:00:02]} 11. Be3 {[%emt 0:00:14]} Bf6 {[%emt 0:00:14]} 12. Bb5 {[%emt 0:00:18]} Na7 {[%emt 0:00:07]} 13. Bxd7 {[%emt 0:00:07]} Qxd7 {[%emt 0:00:20]} 14. d4 {[%emt 0:00:03]} exd4 {[%emt 0:00:09]} 15. Bxd4 {[%emt 0:00:03]} Bxd4 {[%emt 0:00:04]} 16. Qxd4 {[%emt 0:00:08]} Nc6 {[%emt 0:00:03]} 17. Qc3 {[%emt 0:00:03]} f6 {[%emt 0:00:06]} 18. h3 {[%emt 0:00:06]} Rae8 {[%emt 0:00:03]} 19. b3 {[%emt 0:00:06]} b6 {[%emt 0:00:11]} 20. Rad1 {[%emt 0:00:03]} Bf7 {[%emt 0:00:14]} 21. Kh2 {[%emt 0:00:05]} Ne5 {[%emt 0:00:14]} 22. Nd4 {[%emt 0:00:03]} Ng6 {[%emt 0:00:17]} 23. Ndf5 {[%emt 0:00:03]} Be6 {[%emt 0:00:07]} 24. Nd4 {[%emt 0:00:03]} Bg8 {[%emt 0:00:04]} 25. Re3 {[%emt 0:00:03]} Re5 {[%emt 0:00:05]} 26. Nf3 {[%emt 0:00:05]} Rc5 {[%emt 0:00:03]} 27. Qd2 {[%emt 0:00:05]} Re8 {[%emt 0:00:03]} 28. c4 {[%emt 0:00:03]} Ne5 {[%emt 0:00:10]} 29. Nd4 {[%emt 0:00:13]} Nc6 {[%emt 0:00:04]} 30. Ndf5 {[%emt 0:00:04]} Ne7 {[%emt 0:00:07]} 31. Nd4 {[%emt 0:00:18]} Nc6 {[%emt 0:00:03]} 32. Nb5 {[%emt 0:00:03]} Ne5 {[%emt 0:00:06]} 33. f4 {[%emt 0:00:04]} Ng6 {[%emt 0:00:13]} 34. Rf1 {[%emt 0:00:03]} Re7 {[%emt 0:00:33]} 35. Nc3 {[%emt 0:00:11]} Re8 {[%emt 0:00:05]} 36. Nd5 {[%emt 0:00:09]} Qd8 {[%emt 0:00:03]} 37. Nf5 {[%emt 0:00:13]} c6 {[%emt 0:00:18]} 38. Nc3 {[%emt 0:00:05]} d5 {[%emt 0:00:03]} 39. exd5 {[%emt 0:00:10]} cxd5 {[%emt 0:00:03]} 40. Rxe8 {[%emt 0:00:22]} Qxe8 {[%emt 0:00:03]} 41. Nxd5 {[%emt 0:00:03]} Bxd5 {[%emt 0:00:23]} 42. cxd5 {[%emt 0:00:03]} Qd7 {[%emt 0:00:03]} 43. Ne3 {[%emt 0:00:09]} Qd6 {[%emt 0:00:08]} 44. Nc4 {[%emt 0:00:14]} Rxd5 {[%emt 0:00:30]} 45. Qe3 {[%emt 0:00:09]} Rd3 {[%emt 0:00:05]} 46. Qe4 {[%emt 0:00:22]} Qd8 {[%emt 0:00:11]} 47. Re1 {[%emt 0:00:03]} Nf8 {[%emt 0:00:12]} 48. Nxb6 {[%emt 0:00:17]} Rxb3 {[%emt 0:00:03]} 49. Qe8 {[%emt 0:00:27]} Rd3 {[%emt 0:00:03]} 50. Qf7 {[%emt 0:00:03]} Rd2 {[%emt 0:00:12]} 51. Re8 {[%emt 0:00:59]} Rxg2+ {[%emt 0:00:03]} 52. Kxg2 {[%emt 0:00:03]} Qd2+ {[%emt 0:00:03]} 53. Kg3 {[%emt 0:00:03]} Qd3+ {[%emt 0:00:14]} 54. Kh4 {[%emt 0:00:08]} g5+ {[%emt 0:00:04]} 55. Kg4 {[%emt 0:00:11]} Qd1+ {[%emt 0:00:17]} 56. Kf5 {[%emt 0:00:03]} Qd3+ {[%emt 0:00:04]} 57. Kxf6 {[%emt 0:00:09]} Qd4+ {[%emt 0:00:05]} 58. Kxg5 {[%emt 0:00:08]} Qg1+ {[%emt 0:00:03]} 59. Kf5 {[%emt 0:00:03]} Qc5+ {[%emt 0:00:08]} 60. Nd5 {[%emt 0:00:03]} Qc2+ {[%emt 0:00:03]} 61. Re4 {[%emt 0:00:04]} Qc8+ {[%emt 0:00:03]} 62. Kg5 {[%emt 0:00:03]} h6+ {[%emt 0:00:12]} 63. Kh4 {[%emt 0:00:03]} Ng6+ {[%emt 0:00:03]} 64. Qxg6 {[%emt 0:00:03]} 1-0

[Event "GCT Cote d Ivoire Blitz 2019"]
[Site "Abidjan"]
[Date "2019.05.12"]
[Round "18"]
[White "Ding, Liren"]
[Black "Karjakin, Sergey"]
[Result "1-0"]
[WhiteElo "2786"]
[BlackElo "2773"]
[Annotator "TA"]
[PlyCount "87"]
[EventDate "2019.05.05"]
[EventType "tourn"]
[EventCountry "IVO"]
[SourceTitle "playchess.com"]
[Source "ChessBase"]
[SourceQuality "1"]

{[%evp 11,87,0,0,0,2,0,22,10,33,40,64,47,62,17,139,142,193,185,188,185,227,183,179,168,208,181,295,280,277,273,327,323,378,375,504,485,548,542,517,531,498,478,578,575,571,571,796,262,262,254,385,229,302,308,329,232,349,321,317,329,318,304,799,796,29981,29982,29985,967,997,905,997,982,934,933,29990,968,29988,29989]} 1. c4 Nf6 2. Nc3 e5 3. Nf3 Nc6 4. e3 Bb4 5. Qc2 Bxc3 6. bxc3 {[%cal Bb2c3,Bc3c4][%mdl 32]} O-O 7. d3 {A28: English Opening: Four Knights Variation} d6 8. Be2 Ne8 (8... h6 9. O-O b6 10. e4 Nh7 11. Ne1 f5 12. exf5 Bxf5 13. f4 Qd7 14. Nf3 Rae8 15. fxe5 dxe5 {½-½ (31) Ganguly,S (2615)-Wojtaszek,R (2749) Germany 2019}) 9. O-O $146 {The position is equal.} ({Predecessor:} 9. d4 Qe7 10. c5 dxc5 11. Ba3 b6 12. O-O exd4 13. exd4 Nd6 14. dxc5 bxc5 15. Bxc5 Bf5 16. Bd3 Bxd3 17. Qxd3 Ne5 18. Nxe5 Qxe5 19. Bxd6 Qxd6 {½-½ (19) Fahnenschmidt,G (2365)-Arnold,L Mosbach 1980}) 9... f5 10. c5 d5 11. c4 e4 12. Nd2 Nb4 (12... d4 $11 {remains equal.}) 13. Qb3 $1 $16 {[%cal Rb3b4]} exd3 (13... Nxd3 $16 {was worth a try.} 14. Bxd3 (14. cxd5 Nxc5 15. Qc2 Nd3 $11) 14... exd3) 14. Bf3 $1 $18 Na6 15. Ba3 $1 ({Don't do} 15. Qxd3 $6 Nf6 $16) ({Don't play} 15. Bxd5+ $6 Kh8 $14) 15... dxc4 16. Qxc4+ Kh8 17. c6 $36 {[%mdl 2112] Discovered Attack. White is really pushing.} b5 18. Qxb5 Rf6 (18... Rb8 $142 19. Qa4 Nd6) 19. Rfd1 Rb8 20. Qc4 Rb6 21. Nb3 Nd6 22. Rxd3 Be6 23. Qf4 Bxb3 24. axb3 Qb8 25. Bxd6 cxd6 26. h4 Nc5 27. Rc3 Ne6 28. Qa4 a6 {[#]} 29. g3 $2 (29. c7 $1 {[%mdl 512]} Nxc7 {[#]} 30. Rxc7 $1 {[%mdl 512]}) 29... Nc7 30. Rd1 Rb4 (30... Qd8 {was necessary.} 31. Rcd3 Nb5) 31. Qa5 (31. Qa3 $142) 31... h6 32. Rcd3 Rb5 33. Qc3 Ne8 (33... Qd8 $142 34. Qc4 Re6) 34. Kg2 Kh7 35. h5 Qb6 36. Qc2 a5 $2 (36... Rc5 37. Rc3 Rxc3 38. Qxc3 Nc7) 37. Rd5 Rxb3 38. Rxf5 Rb2 39. Qd3 (39. Qe4 $142 Rb4 40. Rb5+ Rxe4 41. Bxe4+ Kg8 42. Rxb6 Kf8 43. Bg6 Rxg6 44. hxg6) 39... Kh8 40. Rxf6 Nxf6 41. Qc3 {Strongly threatening c7.} Ne8 42. Rd4 {Rf4 is the strong threat.} Rb5 43. Re4 (43. Rf4 $142 Rf5 44. Rxf5 Kh7 45. Rf8 Qb1 46. Rxe8 Qf5 47. Qb3 Qxf3+ {[%mdl 64] Remove Defender} 48. Kxf3 d5 49. Qxd5 g6 50. Qg8#) 43... Nf6 {[#]} 44. c7 $1 {[%mdl 512] Accuracy: White = 64%, Black = 28%.} 1-0